|
|
|
|
| LEADER |
00000cam a2200000 7i4500 |
| 001 |
0000001734 |
| 002 |
000001890 |
| 005 |
20000330.0 |
| 020 |
|
|
|a 1855010275
|
| 090 |
0 |
0 |
|a 623.44203
|b MYA
|
| 100 |
1 |
|
|a Myatt, Major
|
| 245 |
1 |
4 |
|a The Illustrated encyclopedia of 19th century firearms :
|b An illistrated history of the development of the world's military firearms during the 19th century
|c Major F.Myatt
|
| 260 |
|
|
|a London :
|b Tiger Books ,
|c 1979
|
| 300 |
|
|
|a 216p. :
|b ill. ;
|c 30cm.
|
| 650 |
0 |
0 |
|a Firearms
|x Encyclopedias
|
| 650 |
0 |
0 |
|a Firearms
|y 19h century
|x History
|
| 700 |
1 |
|
|a Croix, Philip De Ste
|
| 999 |
|
|
|a 034909
|b BUKU
|c PINJAMAN
|e PERPUSTAKAAN KOMUNITI PETALING JAYA
|